000
00297nam a22001337a 4500
008
170606b xxu||||| |||| 00| 0 eng d
020
_a
9780813366760
041
_a
eng
080
_a
94
100
_a
18
101
_a
SHH
245
_a
THINKING THEORY THOROUGHLY
_c
ROSENAU, J.N
942
_2
udc
_c
BK
999
_c
16069
_d
16069